Представление документа в формате RUSMARC

ПолеНазваниеЗначение
  Тип записи a
  Библиографический уровень a
001 Контрольный номер RU/CBS_Ul/BASE/484839853
005 Дата корректировки 20240209175148.0
100 Данные общей обработки __
a Данные общей обработки 20150513d2015 ||| 0rusy0189 ca
101 Язык документа 0_
a Язык текста rus
102 Страна публикации __
a Страна публикации RU
105 Кодированные данные (монография) __
a Кодированные данные (монография) y###||||000|y
200 Заглавие и сведения об ответственности 1_
a Заглавие Сказка о вороне Ефросинье
b Общее обозначение материала Текст
e Сведения, относящиеся к заглавию [сказка о дружбе]
f Первые сведения об ответственности Д. Журавлёва
300 Общие примечания __
a Общие примечания Ограничения по возрасту - 6+
461 Уровень набора _0
1 2000
a Чудеса и приключения - детям
463 Уровень физической единицы _0
1 001RU/CBS_Ul/BASE/475857633
1 2000
a № 1
v С. 3-6
1 210
d 2015
606 Тематические рубрики 0_
a Основная рубрика Российская детская литература, 20-21 вв.
608 Указатель предметных рубрик __
a Жанр/форма сказка
610 Ключевые слова 0_
a Ключевые слова дружба
a Ключевые слова тема дружбы
a Ключевые слова сказки
a Ключевые слова детские сказки
686 Индексы других классификаций __
a Классификационный индекс 84(2Рос=Рус)6
2 Код системы ББК
700 Автор _1
a Фамилия Журавлёва
b Имя (инициалы) Д.
g Полное личное имя Дарья
801 Источник записи _0
a Страна RU
b Организация МБУК ЦБС г. Ульяновска
c Дата составления 20150513
g Правила каталогизации RCR
801 Источник записи _1
a Страна RU
b Организация МБУК ЦБС г. Ульяновска
c Дата составления 20150513
g Правила каталогизации RCR
901 Тип документа __
t Тип документа b
w Контрольный № источника RU/CBS_Ul/BASE/475857633
910 Корректоры записи __
a Корректор записи admin2
938 Служебная информация __
a Имя БД period